[Event "Wch Seniors 65 26th"]
[Site "Marianske Lazne"]
[Date "2016.11.27"]
[Round "8"]
[White "Friedman, Josef"]
[Black "Diaz Franco, Francisco Jorge"]
[Result "1-0"]
[WhiteElo "2187"]
[BlackElo "2019"]
[PlyCount "117"]
[EventDate "2016.11.19"]
[EventType "swiss"]
[EventRounds "11"]
[EventCountry "CZE"]
[SourceTitle "CBM 175 Extra"]
[Source "ChessBase"]
[SourceDate "2016.12.12"]
[SourceVersion "1"]
[SourceVersionDate "2016.12.12"]
[SourceQuality "1"]

1. d4 Nf6 2. c4 e6 3. g3 Bb4+ 4. Bd2 Be7 5. Bg2 d5 6. Nf3 0-0 7. 0-0 Nbd7 8. c5 c6 9. Nc3 Re8 10. Bf4 Bf8 11. b4 Nh5 12. Be3 e5 13. dxe5 Nxe5 14. Nxe5 Rxe5 15. Bd4 Re8 16. e4 Nf6 17. exd5 Nxd5 18. Nxd5 cxd5 19. Qb3 Be6 20. Rac1 Qd7 21. Rfe1 Rec8 22. Rcd1 Rd8 23. Rd2 b6 24. cxb6 axb6 25. a3 Qb5 26. Bf1 Qa4 27. Qxa4 Rxa4 28. Bb2 Be7 29. Bb5 Ra7 30. Re3 Bf6 31. Bxf6 gxf6 32. a4 Rc7 33. g4 Rc1+ 34. Kg2 Rdc8 35. h3 Rb1 36. Rd4 Rcc1 37. Kg3 Rd1 38. Rxd1 Rxd1 39. Rd3 Rb1 40. Rd4 Rb3+ 41. f3 Kg7 42. Bc6 Kf8 43. a5 bxa5 44. bxa5 Ra3 45. Ra4 Rxa4 46. Bxa4 Bc8 47. Bb5 Ke7 48. Kf2 Ke6 49. Ke3 f5 50. g5 f6 51. h4 fxg5 52. hxg5 Ke5 53. f4+ Ke6 54. a6 Ke7 55. Kd4 Kd6 56. a7 Bb7 57. Ba6 Bc6 58. Bc8 Ke7 59. Bxf5 1-0

[Event "Wch Seniors 65 26th"]
[Site "Marianske Lazne"]
[Date "2016.11.24"]
[Round "6"]
[White "Horak, Miroslav1111"]
[Black "Diaz Franco, Francisco Jorge"]
[Result "0-1"]
[WhiteElo "1686"]
[BlackElo "2019"]
[PlyCount "67"]
[EventDate "2016.11.19"]
[EventType "swiss"]
[EventRounds "11"]
[EventCountry "CZE"]
[SourceTitle "CBM 175 Extra"]
[Source "ChessBase"]
[SourceDate "2016.12.12"]
[SourceVersion "1"]
[SourceVersionDate "2016.12.12"]
[SourceQuality "1"]

1. c4 e5 2. Nc3 Bc5 3. e3 d6 4. g3 Nf6 5. Bg2 0-0 6. Nge2 c6 7. Na4 Bb4 8. a3 Ba5 9. b4 Bc7 10. Nac3 h6 11. 0-0 Be6 12. d3 Qd7 13. Re1 d5 14. cxd5 cxd5 15. d4 e4 16. Bb2 Nc6 17. Qb3 Rac8 18. Rac1 Ne7 19. a4 Ng6 20. f4 Rfe8 21. Nd1 Bb8 22. Nf2 Rxc1 23. Rxc1 Rc8 24. h3 Rxc1+ 25. Bxc1 h5 26. Kh2 Ne7 27. b5 Nc8 28. Bf1 Bc7 29. Ba3 Ne8 30. Nc1 Bd6 31. a5 Qc7 32. b6 axb6 33. a6 bxa6 34. Bxa6 0-1

[Event "Wuertemberg-ch Seniors 27th"]
[Site "Freudenstadt"]
[Date "2015.07.06"]
[Round "4"]
[White "Seyfried, Claus"]
[Black "Diaz Franco, Francisco Jorge"]
[Result "1/2-1/2"]
[WhiteElo "2184"]
[BlackElo "1994"]
[PlyCount "42"]
[EventDate "2015.07.03"]
[EventType "swiss"]
[EventRounds "9"]
[EventCountry "GER"]
[SourceTitle "EXT 2016"]
[Source "ChessBase"]
[SourceDate "2015.10.08"]
[SourceVersion "1"]
[SourceVersionDate "2015.10.08"]
[SourceQuality "1"]

1. e4 c6 2. d4 d5 3. Nc3 dxe4 4. Nxe4 Nf6 5. Nxf6+ gxf6 6. Bc4 Bf5 7. c3 e6 8. Bf4 Bd6 9. Qd2 Qc7 10. Ne2 Nd7 11. Bxd6 Qxd6 12. Ng3 Bg6 13. 0-0-0 Nb6 14. Bd3 Qd5 15. Kb1 Qxg2 16. Qe2 Qd5 17. Ne4 Bxe4 18. Bxe4 Qd7 19. Rhg1 0-0-0 20. Qh5 f5 21. Bc2 Rdf8 1/2-1/2